000 00373pab a2200145 454500
008 180718b2005 xxu||||| |||| 00| 0 eng d
100 _aSaxton, Gregory D.
245 _aThe participatory revolution in nonprofit management
260 _c2005
300 _ap.34-39.
362 _aSpring
650 _aNonprofit organizations
773 _aPublic Manager
909 _a66730
999 _c66730
_d66730